000 00492nam a2200181Ia 4500
005 20250508152618.0
008 008 250505s9999 xx 000 0 eng d
037 _aTextual
040 _aFEDL
_beng
_cFEDL
041 _aeng
_2eng
084 _a070, MIL
_qFEDL
100 _aMiller Carl G
_9761946
245 0 _aModern journalism
260 _aNew York U. S. A.
_bHenry Holt and Company
_c1955
300 _axii,364p.
942 _cTEXL
_h070, MIL
999 _c1337597
_d1337597